| 000 | 00747nam a2200265Ia 4500 | ||
|---|---|---|---|
| 003 | GCL | ||
| 008 | 140319s9999 xx 000 0 ara d | ||
| 040 |
_aGCL / _cGCL |
||
| 082 | 0 | 4 |
_a001 _bح ن |
| 100 | 1 | _aحلمى نجم | |
| 245 | 1 | 0 |
_aالنظرية والتطبيق / _cحلمى نجم |
| 260 |
_aالقاهرة : _bدار ايما للنشر ، _c2000 |
||
| 300 |
_a230 ص ؛ _c24 سم |
||
| 650 | 0 | 4 | _aالاقتصاد |
| 650 | 0 | 4 | _aالبيئة |
| 650 | 0 | 4 | _aالتعليم |
| 650 | 0 | 4 | _aالتجارة |
| 650 | 0 | 4 | _aالزراعة |
| 650 | 0 | 4 | _aالسياسة |
| 650 | 0 | 4 | _aالثقافة |
| 650 | 0 | 4 | _aالصناعة |
| 650 | 0 | 4 | _aالمعارف العامة |
| 650 | 0 | 4 | _aالمعرفة - نظريات |
| 942 |
_2ddc _cBK |
||
| 999 |
_c7922 _d7922 |
||